000
00301nam a22001337a 4500
008
180216b xxu||||| |||| 00| 0 eng d
020
_a
9789990955125
041
_a
eng
080
_a
004
100
_a
35
101
_a
shk
245
_a
inrtenet guide for diplomats
_c
jovan.k
942
_2
udc
_c
BK
999
_c
42811
_d
42811